The parables of the New Testament practically unfolded. (Record no. 7384)

000 -LEADER
fixed length control field 00591nam a2200181 a 4500
001 - CONTROL NUMBER
control field :::00005145$&:&@@
003 - CONTROL NUMBER IDENTIFIER
control field OkBaRHE
005 - DATE AND TIME OF LATEST TRANSACTION
control field 20000607103323.0
008 - FIXED-LENGTH DATA ELEMENTS--GENERAL INFORMATION
fixed length control field s1871 j 000 0 eng u
040 ## - CATALOGING SOURCE
Transcribing agency
100 1# - MAIN ENTRY--PERSONAL NAME
Personal name Stevens, William Bacon, 1815-1887,
245 14 - TITLE STATEMENT
Title The parables of the New Testament practically unfolded.
260 ## - PUBLICATION, DISTRIBUTION, ETC. (IMPRINT)
Place of publication, distribution, etc Philadelphia, PA., :
Name of publisher, distributor, etc J. M. Stoddart & Co.
Date of publication, distribution, etc 1871
300 ## - PHYSICAL DESCRIPTION
Extent 382 p. ;
Dimensions 23 cm.
650 ## - SUBJECT ADDED ENTRY--TOPICAL TERM
Topical term or geographic name as entry element Jesus Christ
General subdivision Parables
942 ## - ADDED ENTRY ELEMENTS (KOHA)
Source of classification or shelving scheme
Koha item type Books
Copies
Date acquired Shelving location Permanent Location Koha item type Price effective from Damaged status Lost status Barcode Withdrawn status Source of classification or shelving scheme Not for loan Date last seen Full call number Copy number
2010-04-14General StacksRHEMA Bible Training CollegeBooks2010-04-14  5145   2010-04-14BT 375 .S7441